Statistics for Ten Biggest Cities by Hemisphere

Click here to take the quiz!

General Stats

  • This quiz has been taken 32,708 times
  • The average score is 30 of 40

Answers on the Map

Answers color-coded by a green-red scale on the quiz's map according to % correct below.
Loading ...
 

Answer Stats

HemispherePopulationCity% Correct
Northwest22.1 milNew York City
99%
Northwest23.0 milMexico City
98%
Northeast40.4 milTokyo
98%
Northwest14.8 milLondon
98%
Northwest17.7 milLos Angeles
98%
Southeast5.30 milSydney
97%
Northeast19.8 milBeijing
94%
Northeast30.3 milNew Delhi
94%
Northwest9.75 milChicago
93%
Northwest7.85 milSan Francisco
93%
Southwest13.2 milRio de Janeiro
93%
Northeast24.8 milSeoul
92%
Northwest7.75 milBoston
89%
Northwest8.55 milWashington, DC
88%
Southwest16.4 milBuenos Aires
87%
Northeast33.6 milShanghai
87%
Southwest10.1 milLima
86%
Southeast31.3 milJakarta
86%
Southeast4.98 milMelbourne
86%
Northeast25.1 milMumbai
86%
Northwest7.45 milToronto
84%
Southeast13.9 milJohannesburg
84%
Northeast25.7 milManila
84%
Southwest22.4 milSão Paulo
83%
Southwest4.00 milBrasília
83%
Southwest7.20 milSantiago
83%
Northwest9.60 milBogotá
82%
Northeast21.0 milCairo
81%
Southeast5.90 milNairobi
70%
Northeast20.2 milDhaka
65%
Northeast46.7 milGuangzhou
64%
Southeast12.4 milKinshasa
59%
Southeast6.45 milDar es Salaam
48%
Southeast8.15 milLuanda
48%
Southwest5.00 milBelo Horizonte
39%
Southwest3.80 milRecife
34%
Southwest4.13 milPorto Alegre
27%
Southwest3.68 milFortaleza
27%
Southeast6.10 milSurabaya
21%
Southeast6.95 milBandung
19%

Score Distribution

Percentile by Number Answered

Percent of People with Each Score

Your Score History

You have not taken this quiz